000 00681cam a2200241 4500
008 000000n 000 0 eng u
020 _a1862401381
035 _a(Sirsi) u107700
050 _a363.2
110 _aUnited Kingdom
_bAudit Commission
_93863
245 _aAction stations : improving the management of the police estate.
260 _aLondon
_bAudit Commission $1 999
300 _a60p. : ill. ; 30cm.
350 _a25.00
650 _aBEST VALUE
650 _aPOLICE STATIONS
650 _aASSET MANAGEMENT
650 _aOPERATIONAL PROPERTY
650 _aESTATE MANAGEMENT
650 _aPOLICE FORCE
690 _aPROPERTY MANAGEMENT
_96262
942 _n0
999 _c100713
_d100713